| 000 | 00882nas a2200289 4500 | ||
|---|---|---|---|
| 001 | BR0701892 | ||
| 003 | BR-BrBNA | ||
| 005 | 20231205110711.0 | ||
| 007 | ta | ||
| 008 | 230509b bl.|||p| |||| 00| 00por d | ||
| 040 |
_aBR-BrBNA _bpor _cBiblioteca Nacional de Agricultura |
||
| 041 | _a(Pt) | ||
| 072 | _aL50; U10 | ||
| 100 | 1 | _aSilva, E.P. | |
| 100 | 1 | _aRabello, C.B.V. | |
| 100 | 1 | _aLira, R.C. | |
| 100 | 1 | _aFarias Filho, R.V. | |
| 100 | 1 | _aAlbuquerque, C.S. | |
| 100 | 1 | _aSilva, D.A.T. | |
| 245 | 1 | _aEstimativas das perdas endógenas e matabólicas em frangos de corte | |
| 650 | _aFRANGO DE CORTE | ||
| 650 | _aMETABOLISMO ANIMAL | ||
| 650 | _aMODELO MATEMÁTICO | ||
| 773 | 0 |
_tRevista Brasileira de Ciências Agrárias (Brazil) _xISSN 1981-1160 _g(Oct-Dec 2006), v. 1 p. 115-121 _wBR0701892 |
|
| 909 |
_a202311 _bLúcia _c55 _dLúcia Elande |
||
| 942 |
_2AGRIS _n0 _cANA |
||
| 999 |
_c188621 _d188621 |
||